000 00186nam a2200073Ia 4500
008 170817s9999 xx 000 0 und d
100 _aRATHER A. R.
245 0 _aDYNAMICS OF EDUCATIONAL TECHNOLOGY
260 _bANMOL PUB.
999 _c37891
_d37891